000 00446nam a2200121 a 4500
001 4144
005 20140414132001.0
008 090317s19uu xx 00 eng d
050 _aTR 372.4
_bL97 2001
100 _aLunsford, Susan
245 _a100 Skill-building lessons using 10 favorite books :
_ba teacher's treasury of irresistible lessons & activities that help children meet learning goals in reading, writing, math & more.
999 _c113076
_d113076